000 00833nam a22002177a 4500
005 20100802123447.0
010 _aENG-97664
020 _a9788131721827
_c275.00
035 _aEN-81197
037 _bDBAD/PUB
082 _a658.4012
100 _aKoch, Richard
_95562
245 _aSimply strategy :
_bthe shortest route to the best strategy /
_cby Richard Koch and Peter Nieuwenhuizen
260 _aNew Delhi
_bDorling Kindersley
_c2008
270 _a14 Local Shopping Centre, Panchsheel Park
_bNew Delhi
_e110017
300 _axiv, 213p.
_c24cm (pbk)
500 _aIncludes index
700 _aNieuwenhuizen, Peter
_94075
942 _2ddc
_cEN
_h658.4012
_mKOC
999 _c38614
_d38614